| 000 | 00860nam a2200253 u 4500 | ||
|---|---|---|---|
| 005 | 20260203115425.0 | ||
| 008 | 140620s2013 r 000 0 eng d | ||
| 020 | _a9786074510829 ANUIES | ||
| 020 | _a9786077923145 COMIE | ||
| 035 | _aUPN01000198163 | ||
| 049 | _aCG | ||
| 050 | 4 |
_aLC191.8 M6 _bE8.7 |
|
| 245 | 0 | 0 |
_aEstudiantes, maestros y académicos en la investigación educativa : _btendencias, aportes y debates, 2002-2011 / _ccoord. Claudia Lucy Saucedo Ramos. |
| 260 |
_aMéxico : _bANUIES : _bCOMIE, _c2013. |
||
| 300 | _a491 p. | ||
| 440 | 0 | _aEstados del conocimiento | |
| 650 | 4 |
_aEstudiantes _xCondiciones sociales _zMéxico _923290 |
|
| 650 | 4 |
_aRendimiento académico _93961 |
|
| 650 | 4 |
_aMercado laboral _99469 |
|
| 650 | 4 |
_aMaestros _zMéxico _9830 |
|
| 700 | 1 |
_aSaucedo Ramos, Claudia Lucy, _ecoord. |
|
| 905 | _aLibro | ||
| 999 |
_c170264 _d170264 |
||